Les Podiums des Coupes (ou Championnats) du Monde - Statistiques

Statistiques générales
  • Ce quiz a été pris 1 259 fois
    793 depuis la dernière actualisation
  • Le résultat moyen est 35 sur 47
Statistiques - réponses
Réponse % Correct
Espagne
100%
France
100%
Allemagne
99%
Argentine
99%
Brésil
99%
Italie
99%
RFA
99%
Angleterre
98%
RDA
98%
Allemagne Unifiée
96%
Uruguay
96%
Croatie
95%
Etats-Unis
95%
URSS
94%
Belgique
91%
Nouvelle-Zélande
91%
Pays-Bas
91%
Australie
90%
Suède
90%
Afrique du Sud
88%
Portugal
84%
Russie
83%
Japon
82%
Danemark
81%
Canada
80%
Yougoslavie
79%
Norvège
78%
Pologne
77%
Hongrie
72%
Serbie
68%
Serbie-et-Monténégro
68%
Turquie
68%
Tchécoslovaquie
67%
Chili
65%
Inde
65%
Grèce
62%
Autriche
61%
Pays de Galles
59%
Roumanie
53%
Slovénie
52%
Bulgarie
48%
Lituanie
41%
Pakistan
36%
Qatar
29%
Cuba
28%
Monténégro
17%
Philippines
11%
Aucun quiz correspondant
Distribution des résultats
% des personnes avec chaque résultat
Percentile par nombre de réponses
Votre historique - résultats
Vous n’avez pas pris ce quiz depuis la dernière actualisation